<?xml version="1.0" encoding="UTF-8"?>
<collection xmlns="http://www.loc.gov/MARC21/slim">
 <record>
  <leader>00750nam a2200217   4500</leader>
  <controlfield tag="001">000008775</controlfield>
  <controlfield tag="003">4967</controlfield>
  <controlfield tag="005">20150812140813.0</controlfield>
  <controlfield tag="008">111020s                               sd</controlfield>
  <datafield tag="100" ind1="0" ind2=" ">
   <subfield code="a">Nguyễn Trinh Dung</subfield>
  </datafield>
  <datafield tag="245" ind1="0" ind2="0">
   <subfield code="a">Hoá học phân tích</subfield>
   <subfield code="c">Nguyễn Trinh Dung</subfield>
  </datafield>
  <datafield tag="774" ind1=" " ind2=" ">
   <subfield code="d">H.</subfield>
   <subfield code="d">Giáo dục</subfield>
   <subfield code="d">1981</subfield>
   <subfield code="g">Ph. 3</subfield>
   <subfield code="h">244tr</subfield>
   <subfield code="t">Các phương pháp định lượng hoá học</subfield>
   <subfield code="w">4968</subfield>
  </datafield>
  <datafield tag="774" ind1=" " ind2=" ">
   <subfield code="a">Nguyễn Tính Dung</subfield>
   <subfield code="b">in lần 2, có chỉnh lý</subfield>
   <subfield code="d">Giáo dục</subfield>
   <subfield code="d">H.</subfield>
   <subfield code="d">1981</subfield>
   <subfield code="g">P.1</subfield>
   <subfield code="h">307tr: bảng</subfield>
   <subfield code="t">lý thuyết cơ sở (cân bằng ion)</subfield>
   <subfield code="w">4970</subfield>
  </datafield>
  <datafield tag="OWN" ind1=" " ind2=" ">
   <subfield code="a">LSP</subfield>
  </datafield>
  <datafield tag="999" ind1=" " ind2=" ">
   <subfield code="a">From the UDN01</subfield>
  </datafield>
  <datafield tag="TYP" ind1=" " ind2=" ">
   <subfield code="a">Monograph</subfield>
  </datafield>
  <datafield tag="TYP" ind1=" " ind2=" ">
   <subfield code="a">Printed language</subfield>
  </datafield>
  <datafield tag="980" ind1=" " ind2=" ">
   <subfield code="a">Mạng thư viện Đại học Đà Nẵng</subfield>
  </datafield>
 </record>
</collection>
